L'intonation expressive
সংরক্ষণ করুন:
| প্রধান লেখক: | |
|---|---|
| বিন্যাস: | গ্রন্থ |
| ভাষা: | ফরাসি |
| প্রকাশিত: |
París
Hachette et Larousse
1973
|
| মালা: | Le Français dans le Monde
|
| বিষয়গুলি: | |
| ট্যাগগুলো: |
ট্যাগ যুক্ত করুন
কোনো ট্যাগ নেই, প্রথমজন হিসাবে ট্যাগ করুন!
|
MARC
| LEADER | 00000nam a2200000 a 4500 | ||
|---|---|---|---|
| 001 | UCQ2831 | ||
| 003 | CL-VaPUC | ||
| 008 | 980731e19730000FR |||||||||||||||||fre|d | ||
| 082 | 0 | 4 | |a 441.52 |b CAL |2 21 |
| 100 | 0 | |a Callamand, Monique |e author |9 416913 | |
| 245 | 1 | 2 | |a L'intonation expressive |
| 300 | |a 173 p | ||
| 942 | |c BK | ||
| 945 | |d 19980731 00:00:00 |a crobeson | ||
| 260 | |a París |b Hachette et Larousse |c 1973 | ||
| 650 | 7 | |a FRANCES |2 CL-VaPUC |9 259059 | |
| 650 | 7 | |a PRONUNCIACION |2 CL-VaPUC |9 371723 | |
| 650 | 0 | |a Fonética |9 308371 | |
| 650 | 0 | |a Enseñanza de idiomas |9 339820 | |
| 650 | 0 | |a Educación lingüística |9 306506 | |
| 583 | |a last modification |c 19980731 00:00:00 |k Rodrigo Vera | ||
| 490 | 0 | |a Le Français dans le Monde | |
| 999 | |c 273596 |d 273594 | ||
| 952 | |0 0 |1 0 |4 0 |6 441_520000000000000_CAL_1973 |7 0 |8 A |9 309348 |a BIBEDU |b BIBEDU |d 2019-11-20 |i 1451693 |o 441.52 CAL 1973 |p 1451693 |r 2019-11-20 |w 2019-11-20 |y BK |k LIT | ||